Kĩ thuật chế biến các món chè - xôi

Sparad:
Bibliografiska uppgifter
Huvudupphovsman: Triệu, Thị Chơi
Övriga upphovsmän: Nguyễn Thị Phụng (Biên soạn), Lâm Thị Đậu (Biên soạn)
Materialtyp: Bok
Språk:Vietnamese
Publicerad: TP Hồ Chí Minh Thành Phố Hồ Chí Minh 2004
Upplaga:Tái bản lần 1, có sửa chữa và bổ sung
Serie:Cẩm nang nội trợ
Ämnen:
Taggar: Lägg till en tagg
Inga taggar, Lägg till första taggen!
Thư viện lưu trữ: Mạng thư viện Đại học Đà Nẵng
LEADER 01288nam a2200385 4500
001 000013546
003 9888
005 20120316140340.0
008 120316s2004 viesd
020 |c 14000đ 
041 0 |a vie 
082 |a 641.5  |b TR-C 
100 0 |a Triệu, Thị Chơi 
245 0 |a Kĩ thuật chế biến các món chè - xôi  |c Triệu Thị Chơi, Nguễn Thị Phụng, Lâm Thị Đậu 
250 |a Tái bản lần 1, có sửa chữa và bổ sung 
260 |a TP Hồ Chí Minh  |b Thành Phố Hồ Chí Minh  |c 2004 
300 |a 75 tr.  |c 19 cm 
490 |a Cẩm nang nội trợ 
653 |a Chế biến 
653 |a Chè 
653 |a Xôi 
653 |a Kĩ thuật 
700 |a Nguyễn Thị Phụng  |e Biên soạn 
700 |a Lâm Thị Đậu  |e Biên soạn 
910 |a duyên 
OWN |a LSP 
AVA |a UDN50  |b LSP  |d 641.5 TR-C  |e available  |t Error 5001 Not defined in file expand_doc_bib_avail.  |f 1  |g 0  |h N  |i 0  |k 1 
999 |a From the UDN01 
AVA |a UDN50  |b LSP  |d 641.5 TR-C  |e available  |t Error 5001 Not defined in file expand_doc_bib_avail.  |f 1  |g 0  |h N  |i 0  |k 1 
TYP |a Monograph 
TYP |a Printed language 
980 |a Mạng thư viện Đại học Đà Nẵng